| 000 | 01619cam a22004217a 4500 | ||
|---|---|---|---|
| 003 | CHAP | ||
| 005 | 20220329141926.0 | ||
| 008 | 980624d1996 cr r 00010 spa d | ||
| 010 | _a75814 | ||
| 011 | _a76786 | ||
| 035 | _a86375 | ||
| 040 | _cCHAP | ||
| 090 | _aFolleto 14902 | ||
| 100 | 0 | 0 |
_aParisí Varas, José Luis. _985564 |
| 245 | 1 | 0 |
_aPropuesta metodológica para la autorización de facultades de agronomía _c/por José Luis Parisí |
| 260 |
_aSan José, C.R. : _bInstituto Interamericano de Cooperación para la Agricultura, _c1996. |
||
| 300 | _a13 h. | ||
| 410 | 2 | 1 | _aIICA |
| 490 | 0 |
_aServicio especializado : capacitación, educación, y comunicación _v; 1 |
|
| 590 |
_aBATCH-UPD _b10 _c20130110 _lUCH01 _h0539 |
||
| 590 |
_aBATCH-UPD _b10 _c20130110 _lUCH01 _h2221 |
||
| 590 |
_aBATCH-UPD _b10 _c20130410 _lUCH01 _h0220 |
||
| 590 |
_aBATCH-UPD _b10 _c20130410 _lUCH01 _h1641 |
||
| 590 |
_aBATCH-UPD _b10 _c20130914 _lUCH01 _h0055 |
||
| 590 |
_aBATCH-UPD _b10 _c20130914 _lUCH01 _h1734 |
||
| 590 |
_aCONVERSION _b10 _c20130109 _lUCH01 _h1341 |
||
| 650 | 1 | 4 |
_aAgricultura _xPlanes de estudio. _91769 |
| 650 | 1 | 4 |
_aCooperativismo _xEstudio y enseñanza. _927796 |
| 650 | 1 | 4 |
_aEducación agrícola _xFormación de profesores. _935519 |
| 650 | 1 | 4 |
_aEducación agrícola _zAmérica Latina. _935549 |
| 650 | 1 | 4 |
_aEducación superior _xAmérica Latina. _935605 |
| 810 | 0 | 0 |
_aIICA _957371 |
| 830 | 0 | 0 |
_aServicio especializado : capacitación, educación, y comunicación _v; 1 _9105305 |
| 901 | _aBK | ||
| 905 | _aAlejandra Carrasco M. | ||
| 942 | _cFOLL | ||
| 949 |
_aFolleto 14902 _bBC _cFOLL _d863751 _eTS1 _i86375 _sb |
||
| 999 |
_c75814 _d75814 |
||